Morgan and Mikhail's Clinical Anesthesiology (Record no. 17005)
[ view plain ]
| 000 -LEADER | |
|---|---|
| fixed length control field | 00465nam a22001697a 4500 |
| 008 - FIXED-LENGTH DATA ELEMENTS--GENERAL INFORMATION | |
| fixed length control field | 180717b xxu||||| |||| 00| 0 eng d |
| 020 ## - INTERNATIONAL STANDARD BOOK NUMBER | |
| International Standard Book Number | 0071816694 |
| 050 ## - LIBRARY OF CONGRESS CALL NUMBER | |
| Classification number | RD 81 |
| Item number | .M67 2013 c.1 |
| 245 ## - TITLE STATEMENT | |
| Title | Morgan and Mikhail's Clinical Anesthesiology |
| Statement of responsibility, etc. | John F. Butterworth |
| 250 ## - EDITION STATEMENT | |
| Edition statement | 5th ed. |
| 260 ## - PUBLICATION, DISTRIBUTION, ETC. (IMPRINT) | |
| Place of publication, distribution, etc. | New York |
| Name of publisher, distributor, etc. | McGrawHill |
| Date of publication, distribution, etc. | 2013 |
| 300 ## - PHYSICAL DESCRIPTION | |
| Extent | xiii, 1366p. |
| 650 ## - SUBJECT ADDED ENTRY--TOPICAL TERM | |
| Topical term or geographic name as entry element | Anesthesiology |
| 650 ## - SUBJECT ADDED ENTRY--TOPICAL TERM | |
| Topical term or geographic name as entry element | Anesthetics |
| 650 ## - SUBJECT ADDED ENTRY--TOPICAL TERM | |
| Topical term or geographic name as entry element | Anesthesia |
| 942 ## - ADDED ENTRY ELEMENTS (KOHA) | |
| Source of classification or shelving scheme | Library of Congress Classification |
| Koha item type | General Collection |
| Withdrawn status | Lost status | Source of classification or shelving scheme | Not for loan | Home library | Current library | Date acquired | Cost, normal purchase price | Total Checkouts | Full call number | Barcode | Date last seen | Date last checked out | Price effective from | Koha item type | Total Renewals |
|---|---|---|---|---|---|---|---|---|---|---|---|---|---|---|---|
| Library of Congress Classification | Kabarak, Main Campus | Kabarak, Main Campus | 17/07/2018 | 4000.00 | 1 | RD 81 .M67 2013 c.1 | 025766 | 17/11/2021 | 01/11/2021 | 17/07/2018 | General Collection | ||||
| Library of Congress Classification | Kabarak, Main Campus | Kabarak, Main Campus | 17/07/2018 | 4000.00 | RD 81 .M67 2013 c.2 | 025767 | 17/07/2018 | 17/07/2018 | General Collection | ||||||
| Library of Congress Classification | Kabarak, Main Campus | Kabarak, Main Campus | 17/07/2018 | 4000.00 | RD 81 .M67 2013 c.3 | 023962 | 18/10/2019 | 17/07/2018 | General Collection | ||||||
| Library of Congress Classification | Kabarak, Main Campus | Kabarak, Main Campus | 17/07/2018 | 4000.00 | 3 | RD 81 .M67 2013 c.4 | 023963 | 28/06/2021 | 11/06/2021 | 17/07/2018 | General Collection | 1 |